| 000 | 00678nam a22002177a 4500 | ||
|---|---|---|---|
| 005 | 20231011172226.0 | ||
| 008 | 231009b ||||| |||| 00| 0 spa d | ||
| 020 | _a978-987-27267-1-3 | ||
| 040 | _cAR-FvUNAJ | ||
| 082 | 1 | 4 |
_214 _a659.2 |
| 100 | 1 |
_919060 _aCastiglia, Julio Alberto |
|
| 245 | 1 | 0 |
_aManual práctico de ceremonial y relaciones públicas / _cJulio Alberto Castiglia. |
| 250 | _a1a ed. | ||
| 260 |
_aBuenos Aires : _bGuardacostas, _c2011. |
||
| 300 | _a192 p. | ||
| 650 | 1 | 7 |
_2unescot _9427 _aRELACIONES PUBLICAS |
| 650 | 2 | 7 |
_2unescot _97829 _aORATORIA |
| 650 | 2 | 7 |
_2unescot _9756 _aCOMUNICACION |
| 942 |
_2ddc _cLIBRO |
||
| 980 |
_621567 _a Villalba _821574 _g Carrizo |
||
| 999 |
_c9710 _d9710 |
||